1813 1197 1160 1839 1264 1382 1351 1455 1799 1930 1842 1626 1235 1764 1876 1360 1395 1737 1908 1247 1247 1943 1112 1751 1985 1218 1329 1505 1640 1682 1973 1204 1600 1924 1515 1679 1801 1360 1018 1824 1790 1829 1887 1684 1602 1042 1408 1944 1186 1516 1037 1464 1816 1751 1934 1837 1618 1843 2000 1030 1893 1177 1319 1309 1987 1208 1020 1863 1495 1670 1188 1151 1172 1310 1520 1773 1414 1714 1069 1240 1849 1080 1119 1705 1556 1042 1882 1551 1188 1224 1203 1121 1948 1352 1859 1073 1040 1577 1096 BCNSPRNW ULIB Ver.6.0+V

เปลี่ยนเป็นภาษาไทย

Change to English
 แสดงรายละเอียดบรรณานุกรม
  กลับหน้าหลัก

Brief Record : Get Marc (ISO 2709) : E-mail record : QR code < ปิดหน้าต่าง
LEADER : 00000nam 2200000uu 4500
001    13399111938
003     ULIB
008    110712s2545||||th 000 0 tha d
020    9744840234
050  4 DS821^bน299จ 2545
100 0  นวรัตน์ เลขะกุล
245 10 แจแปน แจแปน /^cนวรัตน์ เลขะกุล
250    พิมพ์ครั้งที่ 1
260    กรุงเทพฯ :^bสารคดี,^c2545
300    237 หน้า :^bภาพประกอบ ;^c22 ซม.
651  7 ญี่ปุ่น^xความเป็นอยู่และประเพณี
945    ^p190^l0^i015991
995    ทศพร
999 ^a ใช้งานได้ทุกระบบ
รายการนี้ยังไม่มีแท็ก
คุณยังไม่ได้ล็อกอิน คุณสามารถมีกิจกรรมร่วมกับเว็บไซต์ได้ แต่ต้องล็อกอินก่อน ::
  ล็อกอิน

รายการสื่อสารสนเทศ

ลำดับที่ ประเภท เลขเรียก/บาร์โค้ด สถานที่ สถานะ
- ไม่พบข้อมูล -

BibComment


ยังไม่เคยถูกคอมเมนท์

คอมเมนท์ทรัพยากรรายการนี้
  คอมเมนท์: แจแปน แจแปน นวรั..


 Copyright 2026. Bcnsprnw @Library